<?xml version="1.0" encoding="UTF-8"?>
<record
    xmlns:xsi="http://www.w3.org/2001/XMLSchema-instance"
    xsi:schemaLocation="http://www.loc.gov/MARC21/slim http://www.loc.gov/standards/marcxml/schema/MARC21slim.xsd"
    xmlns="http://www.loc.gov/MARC21/slim">

  <leader>00279nam a2200109   4500</leader>
  <datafield tag="245" ind1=" " ind2=" ">
    <subfield code="a">Pioneers</subfield>
    <subfield code="c">by J.Fenimoer Cooper</subfield>
  </datafield>
  <datafield tag="100" ind1=" " ind2=" ">
    <subfield code="a">Cooper, J. Fenimore</subfield>
  </datafield>
  <datafield tag="260" ind1=" " ind2=" ">
    <subfield code="a">London</subfield>
    <subfield code="b">Dent</subfield>
    <subfield code="c">1907</subfield>
  </datafield>
  <datafield tag="300" ind1=" " ind2=" ">
    <subfield code="a">xix,444p.; 18cm.-</subfield>
  </datafield>
  <datafield tag="490" ind1=" " ind2=" ">
    <subfield code="a">Everyman's Library; no.171</subfield>
  </datafield>
  <datafield tag="082" ind1=" " ind2=" ">
    <subfield code="a">813.2</subfield>
    <subfield code="b">COO/WIL</subfield>
  </datafield>
  <datafield tag="952" ind1=" " ind2=" ">
    <subfield code="0">0</subfield>
    <subfield code="1">0</subfield>
    <subfield code="4">0</subfield>
    <subfield code="7">0</subfield>
    <subfield code="8">ENGL</subfield>
    <subfield code="a">NEHU</subfield>
    <subfield code="b">NEHU</subfield>
    <subfield code="d">2011-11-18</subfield>
    <subfield code="l">0</subfield>
    <subfield code="o">813.2 COO/WIL</subfield>
    <subfield code="p">A432</subfield>
    <subfield code="r">2011-11-18 00:00:00</subfield>
    <subfield code="w">2011-11-18</subfield>
    <subfield code="y">BK</subfield>
  </datafield>
  <datafield tag="952" ind1=" " ind2=" ">
    <subfield code="0">0</subfield>
    <subfield code="1">0</subfield>
    <subfield code="4">0</subfield>
    <subfield code="7">0</subfield>
    <subfield code="8">ASC</subfield>
    <subfield code="a">NEHU</subfield>
    <subfield code="b">NEHU</subfield>
    <subfield code="d">2011-11-18</subfield>
    <subfield code="l">0</subfield>
    <subfield code="o">813.2 COO/WIL</subfield>
    <subfield code="p">3222</subfield>
    <subfield code="r">2011-11-18 00:00:00</subfield>
    <subfield code="w">2011-11-18</subfield>
    <subfield code="y">BK</subfield>
  </datafield>
  <datafield tag="999" ind1=" " ind2=" ">
    <subfield code="c">1764</subfield>
    <subfield code="d">1764</subfield>
  </datafield>
</record>
